[Event "IECG CD.2006.0.00109 email"]
[Site "IECG email"]
[Date "2006.03.19"]
[Round "3"]
[White "Bergstroem, Leif"]
[Black "Holden, Macedo da Silva"]
[Result "1-0"]
[WhiteElo "1485"]
[BlackElo "1400"]
[PlyCount "83"]
[EventDate "2006.03.19"]
[EventType "tourn (corr)"]
[EventRounds "6"]
[SourceTitle "Corr 2008"]
[Source "ChessBase"]
[SourceDate "2008.06.24"]
[SourceVersion "1"]
[SourceVersionDate "2008.06.24"]
[SourceQuality "1"]

1. d4 d5 2. c4 Nc6 3. Nf3 Bg4 4. Nc3 e6 5. Bf4 Bxf3 6. gxf3 dxc4 7. e3 Bd6 8. Bg3 Nge7 9. Bxc4 0-0 10. Qd2 Na5 11. Bd3 f5 12. 0-0-0 Bb4 13. Rhg1 Rf7 14. Qc2 Nd5 15. Nxd5 Qxd5 16. a3 Qa2 17. Qb1 Qxb1+ 18. Bxb1 Bd6 19. Ba2 Bxg3 20. Rxg3 Kf8 21. Bxe6 Rf6 22. Ba2 Rd8 23. Rdg1 g6 24. h4 f4 25. Rh3 Re8 26. Kd2 h6 27. b4 Nc6 28. Rc1 Re7 29. Bd5 Nd8 30. Be4 c6 31. Rc5 Nf7 32. Bc2 Rd6 33. Rc3 Kg7 34. Rh1 g5 35. Rd3 fxe3+ 36. fxe3 Rf6 37. Ke2 Rf4 38. Rdd1 Rxh4 39. Rxh4 gxh4 40. Rg1+ Kf8 41. Rh1 Nd6 42. Bd3 1-0

[Event "IECG CD.2006.0.00109 email"]
[Site "IECG email"]
[Date "2006.03.19"]
[Round "5"]
[White "Bergstroem, Leif"]
[Black "Krupikov, Andrey Viktorovich"]
[Result "1-0"]
[WhiteElo "1485"]
[BlackElo "1484"]
[PlyCount "85"]
[EventDate "2006.03.19"]
[EventType "tourn (corr)"]
[EventRounds "6"]
[SourceTitle "Corr 2008"]
[Source "ChessBase"]
[SourceDate "2008.06.24"]
[SourceVersion "1"]
[SourceVersionDate "2008.06.24"]
[SourceQuality "1"]

1. d4 f5 2. Nc3 d5 3. Bf4 Nf6 4. e3 e6 5. Nb5 Na6 6. c4 Bb4+ 7. Nc3 0-0 8. Bd3 Bd6 9. Nge2 Nb4 10. 0-0 b6 11. cxd5 Nxd3 12. Qxd3 exd5 13. Rac1 c6 14. f3 Nh5 15. Bxd6 Qxd6 16. e4 fxe4 17. fxe4 Bg4 18. e5 Qe6 19. h3 Bxe2 20. Nxe2 g6 21. Qe3 Qd7 22. Nf4 Ng7 23. b4 Nf5 24. Qc3 a5 25. bxa5 Rxa5 26. g4 Ne7 27. Qb4 Rxa2 28. Qd6 Ra7 29. Ne6 Re8 30. Rf6 Qxd6 31. exd6 Nc8 32. Rcf1 Rxe6 33. Rxe6 Kg7 34. Ref6 Kh6 35. Rc1 c5 36. dxc5 bxc5 37. Rxc5 Kg5 38. Rf3 Nb6 39. Rb3 Nd7 40. Rc7 Ra1+ 41. Kg2 Nf6 42. d7 Nxd7 43. Rxd7 1-0

[Event "IECG CD.2006.0.00109 email"]
[Site "IECG email"]
[Date "2006.03.19"]
[Round "1"]
[White "Trevis, Robert R"]
[Black "Bergstroem, Leif"]
[Result "0-1"]
[WhiteElo "1408"]
[BlackElo "1485"]
[PlyCount "50"]
[EventDate "2006.03.19"]
[EventType "tourn (corr)"]
[EventRounds "6"]
[SourceTitle "Corr 2008"]
[Source "ChessBase"]
[SourceDate "2008.06.24"]
[SourceVersion "1"]
[SourceVersionDate "2008.06.24"]
[SourceQuality "1"]

1. e4 e6 2. d4 d5 3. Nc3 Bb4 4. Nge2 Nc6 5. a3 Ba5 6. b4 Bb6 7. exd5 exd5 8. Bf4 Nf6 9. Na4 Qe7 10. Nxb6 axb6 11. b5 Na5 12. Bd2 c5 13. bxc6 bxc6 14. Rb1 Nc4 15. Bb4 c5 16. dxc5 bxc5 17. Bc3 d4 18. Qd3 Nxa3 19. Qf3 dxc3 20. Qxa8 Nxc2+ 21. Kd1 Qd8+ 22. Kxc2 Bf5+ 23. Kxc3 Qxa8 24. Rc1 Qa2 25. Nf4 Ne4+ 0-1

[Event "IECG CE.2004.0.00077 email"]
[Site "IECG email"]
[Date "2004.09.15"]
[Round "?"]
[White "Boyd, John Michael"]
[Black "Bergstroem, Leif"]
[Result "0-1"]
[WhiteElo "1335"]
[BlackElo "1334"]
[PlyCount "62"]
[EventDate "2004.09.15"]
[EventType "tourn (corr)"]
[EventRounds "6"]
[SourceTitle "Corr 2008"]
[Source "ChessBase"]
[SourceDate "2008.06.24"]
[SourceVersion "1"]
[SourceVersionDate "2008.06.24"]
[SourceQuality "1"]

1. f4 d5 2. Nf3 Nf6 3. g3 g6 4. Bg2 Bg7 5. 0-0 0-0 6. d3 c5 7. Nc3 d4 8. Ne4 Nxe4 9. dxe4 Nc6 10. e5 Qb6 11. Kh1 Rd8 12. b3 f6 13. exf6 exf6 14. Bb2 Nb4 15. a3 Nd5 16. Qc1 Ne3 17. Rf2 Bf5 18. Ne1 Rac8 19. Rb1 c4 20. bxc4 Rxc4 21. Ba1 Qe6 22. Qd2 b6 23. Bb2 Nxc2 24. Rc1 Ne3 25. Rxc4 Nxc4 26. Qc1 Bf8 27. Nd3 Ne3 28. Bf3 Bh3 29. Ne1 Qb3 30. Be4 Rc8 31. Qb1 Nd1 0-1

[Event "IECG CE.2004.0.00077 email"]
[Site "IECG email"]
[Date "2004.09.15"]
[Round "?"]
[White "Stringa, Alejandro J"]
[Black "Bergstroem, Leif"]
[Result "0-1"]
[WhiteElo "1375"]
[BlackElo "1334"]
[PlyCount "68"]
[EventDate "2004.09.15"]
[EventType "tourn (corr)"]
[EventRounds "6"]
[SourceTitle "Corr 2008"]
[Source "ChessBase"]
[SourceDate "2008.06.24"]
[SourceVersion "1"]
[SourceVersionDate "2008.06.24"]
[SourceQuality "1"]

1. d4 d5 2. c4 dxc4 3. Nf3 Nf6 4. e3 e6 5. Bxc4 c5 6. 0-0 a6 7. Qe2 b5 8. Bb3 Bb7 9. a4 b4 10. Nbd2 Nc6 11. Rd1 Qc7 12. Nc4 Rd8 13. Nce5 Bd6 14. Nxc6 Qxc6 15. dxc5 Qxc5 16. Nd4 0-0 17. f3 Qc7 18. h3 Bc5 19. Nc2 Rxd1+ 20. Qxd1 Rd8 21. Qe2 Nh5 22. Bd2 Nf4 23. Qf2 Nd3 24. Qh4 Be7 25. Qg4 Ne5 26. Qf4 Rxd2 27. Nd4 Bd6 28. Qg5 Nd3 29. Kh1 h6 30. Qh4 Qc5 31. Qd8+ Kh7 32. Bc2 Qe5 33. Bxd3+ Rxd3 34. f4 Qxe3 0-1

[Event "IECG C3.2000.0.00153"]
[Site "IECG email"]
[Date "2000.08.20"]
[Round "?"]
[White "Hoffmann, Michael"]
[Black "Bergstroem, Leif"]
[Result "0-1"]
[WhiteElo "1087"]
[BlackElo "1085"]
[PlyCount "84"]
[EventDate "2000.08.20"]
[EventType "tourn (corr)"]
[EventRounds "6"]
[SourceTitle "Corr 2008"]
[Source "ChessBase"]
[SourceDate "2008.06.24"]
[SourceVersion "1"]
[SourceVersionDate "2008.06.24"]
[SourceQuality "1"]

1. d4 Nf6 2. c4 g6 3. Nf3 Bg7 4. g3 d6 5. Bg2 0-0 6. Nc3 Nbd7 7. 0-0 e5 8. e4 c6 9. h3 Qb6 10. Re1 exd4 11. Nxd4 Ne8 12. Nf3 Qb4 13. Bf1 Nc5 14. a3 Qb3 15. Qd2 f5 16. e5 dxe5 17. Nxe5 Nf6 18. Re3 Qb6 19. b4 Nce4 20. Nxe4 Nxe4 21. Qa2 Qc7 22. c5+ Kh8 23. f4 a5 24. Qb1 Be6 25. Bb2 b6 26. Nd3 Bd5 27. Qc1 bxc5 28. Nxc5 g5 29. fxg5 Nxg5 30. Bg2 f4 31. gxf4 Rxf4 32. Nd3 Nxh3+ 33. Rxh3 Rg4 34. Ne1 Rg8 35. Bxg7+ R8xg7 36. Qc3 Qa7+ 37. Re3 Bxg2 38. Kf2 Rg3 39. Qc5 Qf7+ 40. Ke2 Rxe3+ 41. Kxe3 Rg3+ 42. Kd2 Qf4+ 0-1

[Event "IECG QN.2000.0.00098"]
[Site "IECG email"]
[Date "2000.02.16"]
[Round "?"]
[White "Denton, Scott"]
[Black "Bergstroem, Leif"]
[Result "0-1"]
[WhiteElo "621"]
[BlackElo "800"]
[PlyCount "55"]
[EventDate "2000.02.16"]
[EventType "tourn (corr)"]
[EventRounds "6"]
[SourceTitle "Corr 2008"]
[Source "ChessBase"]
[SourceDate "2008.06.24"]
[SourceVersion "1"]
[SourceVersionDate "2008.06.24"]
[SourceQuality "1"]

1. e4 c5 2. Bc4 e6 3. Nc3 Nc6 4. Nf3 a6 5. 0-0 b5 6. Be2 Bb7 7. d3 g6 8. d4 cxd4 9. Nxd4 Bg7 10. Nf3 Qc7 11. Be3 Rd8 12. g3 Nge7 13. Ng5 0-0 14. Bh5 d5 15. Qe2 d4 16. Bd2 dxc3 17. bxc3 h6 18. Rad1 hxg5 19. Bxg5 gxh5 20. Qxh5 Qe5 21. f4 Qc5+ 22. Rf2 f6 23. Rdf1 fxg5 24. g4 Rxf4 25. Kg2 Rxf2+ 26. Rxf2 Ne5 27. Qxg5 Bxe4+ 28. Kf1 0-1

[Event "IECG CN.1999.0.00154"]
[Site "IECG email"]
[Date "1999.10.20"]
[Round "?"]
[White "Bergstroem, Leif"]
[Black "Lynch, Seth"]
[Result "1-0"]
[WhiteElo "800"]
[BlackElo "800"]
[PlyCount "63"]
[EventDate "1999.10.20"]
[EventType "tourn (corr)"]
[EventRounds "6"]
[SourceTitle "Corr 2008"]
[Source "ChessBase"]
[SourceDate "2008.06.24"]
[SourceVersion "1"]
[SourceVersionDate "2008.06.24"]
[SourceQuality "1"]

1. e4 e5 2. Nf3 Nc6 3. d4 exd4 4. Nxd4 Bc5 5. Be3 Qf6 6. c3 Nge7 7. Bc4 d6 8. 0-0 0-0 9. Nb5 Ne5 10. Nxc7 Qg6 11. Be2 Bh3 12. Bf3 Rac8 13. Nd5 Nxd5 14. exd5 Bxe3 15. fxe3 Nxf3+ 16. Qxf3 Bg4 17. Qf2 Qe4 18. Qd2 Rc5 19. Rf4 Qg6 20. Na3 a6 21. Re1 f5 22. c4 Re8 23. b3 Re4 24. Kh1 Qf6 25. Ref1 Rxf4 26. exf4 Rc7 27. Re1 b6 28. Qe3 Rb7 29. Qe8+ Qf8 30. Qe6+ Rf7 31. c5 bxc5 32. Nc4 1-0

[Event "IECG CN.1999.0.00154"]
[Site "IECG email"]
[Date "1999.10.20"]
[Round "?"]
[White "Bergstroem, Leif"]
[Black "Rios, Jorge"]
[Result "1-0"]
[WhiteElo "800"]
[BlackElo "800"]
[PlyCount "63"]
[EventDate "1999.10.20"]
[EventType "tourn (corr)"]
[EventRounds "6"]
[SourceTitle "Corr 2008"]
[Source "ChessBase"]
[SourceDate "2008.06.24"]
[SourceVersion "1"]
[SourceVersionDate "2008.06.24"]
[SourceQuality "1"]

1. e4 e6 2. d4 d5 3. Nd2 c5 4. Ngf3 cxd4 5. Nxd4 Nc6 6. Bb5 Bd7 7. Nxc6 bxc6 8. Bd3 c5 9. 0-0 c4 10. Be2 Bc5 11. Nf3 Ne7 12. exd5 exd5 13. c3 0-0 14. b3 cxb3 15. axb3 Qc7 16. Qc2 Bf5 17. Bd3 Bxd3 18. Qxd3 a5 19. Ng5 g6 20. Qh3 h5 21. g4 Qd7 22. Ra4 Rfb8 23. Qf3 f5 24. gxh5 Rxb3 25. Rh4 Ra6 26. hxg6 Rxg6 27. Qh3 Kf8 28. Rh8+ Ng8 29. Re1 Rg7 30. Qh6 Rb6 31. Qxb6 Rxg5+ 32. Bxg5 1-0

[Event "IECG CN.1999.0.00154"]
[Site "IECG email"]
[Date "1999.10.20"]
[Round "?"]
[White "Che Ahmed, Che Hassan"]
[Black "Bergstroem, Leif"]
[Result "0-1"]
[WhiteElo "800"]
[BlackElo "800"]
[PlyCount "56"]
[EventDate "1999.10.20"]
[EventType "tourn (corr)"]
[EventRounds "6"]
[SourceTitle "Corr 2008"]
[Source "ChessBase"]
[SourceDate "2008.06.24"]
[SourceVersion "1"]
[SourceVersionDate "2008.06.24"]
[SourceQuality "1"]

1. c4 Nf6 2. Nc3 g6 3. g3 Bg7 4. Bg2 0-0 5. e3 d6 6. Nge2 e5 7. d4 Nbd7 8. 0-0 Re8 9. Bd2 c6 10. Rc1 e4 11. Qc2 Qe7 12. b3 Nf8 13. f3 Bf5 14. Qd1 exf3 15. Rxf3 Bh6 16. Nf4 Bg4 17. d5 N8d7 18. Qf1 Bxf3 19. Qxf3 Ne5 20. Qf1 c5 21. Re1 Bg7 22. a3 a6 23. b4 cxb4 24. axb4 Rac8 25. c5 dxc5 26. bxc5 Qxc5 27. Rc1 Nc4 28. Ne4 Nxe4 0-1

[Event "IECG CN.1999.0.00154"]
[Site "IECG email"]
[Date "1999.10.20"]
[Round "?"]
[White "Ferreira, Joao Manuel Guerrei"]
[Black "Bergstroem, Leif"]
[Result "0-1"]
[WhiteElo "789"]
[BlackElo "800"]
[PlyCount "50"]
[EventDate "1999.10.20"]
[EventType "tourn (corr)"]
[EventRounds "6"]
[SourceTitle "Corr 2008"]
[Source "ChessBase"]
[SourceDate "2008.06.24"]
[SourceVersion "1"]
[SourceVersionDate "2008.06.24"]
[SourceQuality "1"]

1. e4 e5 2. Nf3 Nf6 3. Nxe5 d6 4. Nf3 Nxe4 5. d4 d5 6. Bd3 Bd6 7. 0-0 0-0 8. h3 h6 9. c4 Nf6 10. c5 Be7 11. b4 b6 12. Bc2 a5 13. Bd2 axb4 14. Bxb4 Na6 15. Ba3 bxc5 16. dxc5 Bxc5 17. Bb2 c6 18. Qd3 Ne4 19. Nbd2 f5 20. Rad1 Nb4 21. Qb3 Nxc2 22. Qxc2 Rxa2 23. Ne5 Bxf2+ 24. Rxf2 Nxf2 25. Kxf2 Qb6+ 0-1